000 00457nam a2200181Ia 4500
001 2211
005 20260306143825.0
008 260306t2007||||xx |||||||||||||| ||spa||
041 _aESP
082 _a616.0756
_bB59
100 _aBishop, Michael L
_eAUT
245 0 _aQuímica clínica:
_bprincipios, procedimientos y correlaciones
260 _c2007
300 _a732 páginas :
_c27 cm.
650 _aGEN
654 _aCPS
942 _cLIB
_dJUS
_fJUS
_2ddc
_n
999 _c2211
_d2211